joez Challenge #4 - Statistics

General Stats
  • This quiz has been taken 23 times
  • The average score is 7 of 9
Answer Stats
Hint Country % Correct
Oil rich Nordic country Norway
100%
Early civilization with pyramids Egypt
94%
Neutral Nordic country Sweden
94%
Central Europe German speaking country Austria
89%
Home of Incas and llamas Peru
83%
Largest country by area in mainland southeast Asia Burma
78%
One border country of southwest Europe Portugal
78%
One border country of East Asia South Korea
67%
First sub-Saharan African country to gain independence (1957) Ghana
39%
No matching quizzes found
Score Distribution
Percent of People with Each Score
Percentile by Number Answered
Your Score History
You have not taken this quiz